Statistics for Spongebob Squarepants Quiz

Click here to take the quiz!

General Stats

  • This quiz has been taken 39 times
  • The average score is 19 of 25

Answer Stats

Hint Answer % Correct
Name of Mr Krabs RestaurantKrusty Krab
100%
Blue SquidSquidward
90%
Name Of Main CharacterSpongebob
90%
What Does Spongbob Live in?Pineapple
90%
How Many Employees Does The Krusty Krab Have?3
86%
Spongebobs PetGary
86%
Brown SquirrelSandy Cheeks
86%
Pink StarfishPatrick
86%
Name Of Planktons RestaurantChum Bucket
86%
What Does Patrick Live Under?Rock
83%
Drving TeacherMrs Puff
83%
Spongebobs Favorite Outdoor ActivityJellyfishing
83%
Town NameBikini Bottom
83%
Mr Krabs DaughterPearl
83%
Money Obsessed CrabMr Krabs
79%
Mr.Krabs ArchenemyPlankton
76%
Best Burger In TownKrabby Patty
76%
Year The First Episode Came Out1999
72%
Plankton's Real NameSheldon
72%
Plankton's Robotic WifeKaren
69%
Amusement ParkGlove World
66%
Name of BeachGoo Lagoon
62%
Song That Plays at The End of the Oringinal MovieOcean Man
38%
Name of First EpisodeHelp Wanted
34%
Creator Of SpongeBob SquarePantsStephen Hillenburg
34%

Score Distribution

Percentile by Number Answered

Percent of People with Each Score

Your Score History

You have not taken this quiz